000
00303nam a22001337a 4500
008
170523b xxu||||| |||| 00| 0 eng d
020
_a
9780312459680
041
_a
eng
080
_a
94(7/8)
100
_a
16
101
_a
SHH
245
_a
READING THE AMERICAN PAST
_c
JOHNSON.M.P
942
_2
udc
_c
BK
999
_c
13914
_d
13914